NBA General Knowledge but Each Answer Gets Longer - Statistics

General Stats
  • This quiz has been taken 126 times
  • The average score is 13 of 16
Answer Stats
Letters Hint Answer % Correct
4 Team in Salt Lake City Jazz
94%
6 Home country of Victor Wembanyama France
93%
13 Main character of Space Jam Michael Jordan
92%
21 Team with the abbreviation LAC Los Angeles Clippers
91%
11 Former NBA team in Seattle SuperSonics
91%
15 Only player to score triple digits in NBA history Wilt Chamberlain
91%
20 His nickname is the Greek Freak Giannis Antetokounmpo
90%
9 Jeremy Lin's epic hot streak Linsanity
86%
17 Famous event where Ron Artest charged into the stands and beat up the wrong fan Malice at the Palace
77%
10 He suffered a gruesome leg injury in a 2014 U.S. National Team scrimmage and Damian Lillard hit a game winner over him. Paul George
75%
8 5'6 Slam Dunk Champion Spud Webb
72%
5 NBA franchise with a 16 year Playoff drought snapped in 2023 Kings
71%
12 NBA super star who triggered Mike Breen's first "Bang, Bang!" Stephen Curry
71%
7 He dribbled the ball away from the hoop in Game 1 of the 2018 Finals J.R. Smith
67%
14 Injury derailed first overall pick of the 2019 draft Zion Williamson
60%
22 Controversial former name of the Wizards Washington Bullets
50%
No matching quizzes found
Score Distribution
Percent of People with Each Score
Percentile by Number Answered
Your Score History
You have not taken this quiz